000 00508nam a2200193 a 4500
001 000019305
005 20250807144847.0
008 100601s20uu sp a 000 0 spa d
020 _a8430587837
040 _aDO-SdBNP
_bspa
_cBNPHU
082 _a792.82
_bB751m
100 1 _aBottomer, Paul
_941520
245 1 0 _aMambo y merengue /
_cPaul Bottomer.
260 _aMadrid :
_bSusaeta,
_c200?
300 _a64 p. :
_bil. ;
_c22 cm.
650 4 _aCoreografía
_941521
650 0 _aDanza
_928339
049 _aBNPD
999 _c18823
_d18823